Loading...
| Literature - American | 0 | 6 | 0 | 0 | 60 | 61 | 93.83 | 1 | 4 | 20.18 | 47.03 |
| Literature - European | 0 | 6 | 1 | 0 | 55 | 47 | 76.50 | 1 | 5 | 26.39 | 48.44 |
| Literature - British | 0 | 6 | 2 | 0 | 50 | 40 | 63.50 | 3 | 5 | 31.98 | 49.18 |
| Literature - World/Other | 0 | 5 | 0 | 0 | 50 | 51 | 68.60 | 2 | 5 | 25.97 | 45.39 |
| Philosophy | 0 | 5 | 0 | 0 | 50 | 57 | 80.20 | 0 | 2 | 17.50 | 30.03 |
| Science - Physics | 0 | 4 | 1 | 1 | 35 | 70 | 87.75 | 0 | 1 | 11.71 | 19.22 |
| History - Other | 0 | 3 | 0 | 0 | 30 | 57 | 63.33 | 0 | 2 | 14.12 | 24.11 |
| Social Science | 0 | 3 | 1 | 0 | 25 | 74 | 78.67 | 0 | 0 | 9.21 | 16.56 |
| Science - Chemistry | 0 | 2 | 0 | 1 | 20 | 87 | 107.50 | 0 | 0 | 2.89 | 8.89 |
| Religion | 0 | 3 | 2 | 0 | 20 | 58 | 86.33 | 1 | 1 | 10.32 | 23.27 |
| Geography/Current Events | 0 | 1 | 0 | 0 | 10 | 102 | 102.00 | 0 | 0 | 3.88 | 5.56 |
| Mythology | 0 | 1 | 0 | 0 | 10 | 62 | 62.00 | 1 | 1 | 5.44 | 10.00 |
| History - American | 0 | 1 | 0 | 0 | 10 | 63 | 63.00 | 0 | 1 | 5.12 | 6.25 |
| Fine Arts - Other | 0 | 1 | 0 | 0 | 10 | 108 | 108.00 | 0 | 1 | 2.34 | 8.89 |
| Science - Biology | 0 | 1 | 1 | 0 | 5 | 35 | 35.00 | 0 | 1 | 6.93 | 8.89 |
| History - World | 0 | 1 | 1 | 0 | 5 | 62 | 62.00 | 0 | 0 | 5.00 | 5.56 |
| Science - Other | 0 | 0 | 1 | 0 | -5 | 0.00 | 0 | 0 | 0.00 | 0.00 | |
| History - European | 0 | 0 | 2 | 0 | -10 | 0.00 | 0 | 0 | 0.00 | 0.00 |